000 01300naa a22003497u 4500
001 04792
003 HDC
007 cr bn ---aaaaa
008 210118t2008 nyu bi 000 0 eng
020 _a0849327067
_q(hardcover)
020 _a9780849327063
_q(hardcover)
040 _aHDC
050 _aRS201.E87
_bE93 2006
082 _a615/.19
245 0 _aExcipient Development for Pharmaceutical, Biotechnology, and Drug Delivery Systems.
_nChapter 4 :
_bRegulation of Pharmaceutical Excipients /
_cEdited by Ashok Katdare and Mahesh V. Chaubal
260 _aNew York :
_bInforma Healthcare/
_c©2006
336 _atext
_2rdacontent
337 _acomputer
_2rdamedia
338 _aonline resource
_2rdacarrier
500 _aIncludes bibliographical references and index.
650 _aDrug Approval.
_95053
650 _aDrug Evaluation
_95054
650 _aExcipients
_95051
650 _aExcipients
_xChemistry
_95052
650 _aExcipients
_xpharmacokinetics
_95055
700 _aChaubal, Mahesh Vijay,
_d1971-
_95057
700 _aKatdare, Ashok
_95056
856 _zRequest full-text at [email protected]
942 _2lcc
942 _cCHAP
942 _kEBCH 000912
999 _c2117
_d2117